000 00907nam a2200253 a 4500
001 000040484
003 DO-SdBNP
005 20260317102224.0
008 130826s2009 dr d 000 0 spa d
040 _aDO-SdBNP
_bspa
_cBNPHU
082 4 _a331.12
_bM553t, 2009
245 0 0 _aMercado de trabajo 2009.
260 _aSanto Domingo :
_bBanco Central de la República Dominicana,
_c2009.
300 _a192 páginas :
_bdiagramas ;
_c21 cm.
336 _atexto
_btxt
_2rdacontent
337 _asin mediación
_bn
_2rdamedia
338 _avolumen
_bnc
_2rdacarrier
590 _aInventariado, 2018/VM
650 7 _aMercado de trabajo
_zRepública Dominicana
_y2009
_2LIBRUNAM
_919058
650 7 _aMercado de trabajo
_zRepública Dominicana
_y2009
_vEstadísticas
_2LIBRUNAM
_919058
710 2 _aBanco Central de la República Dominicana
_983405
910 _aValidado, Control de calidad MFF
942 _2ddc
_cLBS1
999 _c39974
_d39974